00763nam a22002057a 450000500170000001000150001702000270003203500140005903700130007308200120008610000240009824500940012226000390021627000820025530000270033750000210036494200260038599900190041195201270043020180417103912.0 aENG-122594 a9789386602848c1100.00 aEN-106126 bDBAD/PUB a330.951 aMohanty, Manoranjan aChina's transformation :cby Manoranjan Mohantybthe success story and the success trap / aNew DelhibSage Publicationsc2018 aB-1/I-1, Mohan Cooperative Industrial Area, Mathura Road, bNew Delhie110044 a376p.c22cm.(Hb)bill. aIt include index 2ddccENmMOHh330.951 c151276d151276 001040718NFICaDBADbBL1d2018-04-17eDBAD/PUBg1100.00l0o330.951 MOHpEN-106126r2018-04-17 00:00:00t1v1100.00yEN